Niños pintores del sur austral
Uloženo v:
| Korporativní autor: | |
|---|---|
| Médium: | Kniha |
| Jazyk: | španělština |
| Vydáno: |
Santiago
Museo Nacional de Bellas Artes
1997
|
| Témata: | |
| Tagy: |
Přidat tag
Žádné tagy, Buďte první, kdo vytvoří štítek k tomuto záznamu!
|
MARC
| LEADER | 00000nam a2200000 a 4500 | ||
|---|---|---|---|
| 001 | UCK0150 | ||
| 003 | CL-VaPUC | ||
| 008 | 040915e19970000CL |||||||||||||||||spa|d | ||
| 082 | 0 | 4 | |a 759.983 |b MUS |2 21 |
| 110 | 2 | |a Museo Nacional de Bellas Artes |e author |9 488019 | |
| 245 | 1 | 0 | |a Niños pintores del sur austral |
| 300 | |a 44 p | ||
| 942 | |c BK | ||
| 945 | |d 20040915 00:00:00 |a cmena | ||
| 260 | |a Santiago |b Museo Nacional de Bellas Artes |c 1997 | ||
| 650 | 0 | |a Pintores chilenos |9 345328 | |
| 650 | 0 | |a Artistas chilenos |9 344566 | |
| 650 | 0 | |a Pintura chilena |9 266171 | |
| 650 | 0 | |a Niños |9 255605 | |
| 583 | |a last modification |c 20040915 00:00:00 |k Rodrigo Vera | ||
| 999 | |c 310641 |d 310639 | ||
| 952 | |0 0 |1 0 |4 0 |6 759_983000000000000_MUS_1997 |7 0 |8 A |9 379520 |a BIBART |b BIBART |d 2019-11-21 |i 4060962 |o 759.983 MUS 1997 |p 4060962 |r 2025-03-13 |w 2019-11-21 |y BK |k ART | ||